Top 10 cagnotte Zevent 2025 - Statistiques

Statistiques générales
  • Ce quiz a été pris 56 fois
  • Le résultat moyen est 5 sur 10
Statistiques - réponses
Classement Cagnotte Réponse % Correct
1 1 479 670€ Domingo
98%
3 1 153 013€ ZeratoR
86%
2 1 218 554€ Antoine Daniel
84%
5 553 437€ Mastu
57%
4 568 713€ Angle Droit
51%
7 403 041€ Samuel Etienne
31%
9 342 077€ Joueur du Grenier
22%
10 306 028€ Mister MV
22%
8 401 999€ Sylvain Lyve
10%
6 420 798€ Clemovich
0%
Aucun quiz correspondant
Distribution des résultats
% des personnes avec chaque résultat
Percentile par nombre de réponses
Votre historique - résultats
Vous n’avez pas pris ce quiz